000 01040cam a2200253 a 4500
003 MX-MxUPN
005 20250207142911.0
008 100420s2007 mx fr 000 0 spa d
020 _a9789282011515
035 _aUPN01000175440
040 _aMX-MxUPN
_bspa
041 0 _aspa
_aeng
050 4 _aLC5215
_bA4.3
245 0 0 _aAlfabetización, conocimiento y desarrollo :
_bdiálogo Sur-Sur sobre políticas públicas en materia de educación de calidad para jóvenes y adultos = Literacy, knowledge and development : south-south policy dialogue on quality education for adults and young people
260 _aCiudad de México :
_bUNESCO, Institute for Lifelong Learning :
_bInstituto Nacional para la Educación de los Adultos,
_c2007.
300 _a1 volumen (varias paginaciones)
500 _aEdición bilingüe
650 4 _aEducación de adultos
_9956
650 4 _aEducación de adolescentes
_9252
650 4 _aCalidad de la educación
_94684
902 _bVíctorGodínez/070224
905 _aLibro
942 _2lcc
_cLIBRO
999 _c147544
_d147544